En-gendering individuals : (Record no. 4924)

MARC details
000 -LEADER
fixed length control field 00626 a2200181 4500
010 ## - LCCN (DPL NO)
LC control number ENG-86666
020 ## - INTERNATIONAL STANDARD BOOK NUMBER
Terms of availability 650.00
International Standard Book Number 8125030719
035 ## - SYSTEM CONTROL NUMBER
System control number EN-70199
037 ## - SOURCE OF ACQUISITION
Source of stock number/acquisition DBAD / PUB
082 14 - DEWEY DECIMAL CLASSIFICATION NUMBER
Classification number 305.42095433
100 1# - MAIN ENTRY--PERSONAL NAME
Personal name Devika, J
245 1# - TITLE STATEMENT
Title En-gendering individuals :
Statement of responsibility, etc by J. Devika
Remainder of title the language of re-forming in twenieth century keralam /
260 ## - PUBLICATION, DISTRIBUTION, ETC. (IMPRINT)
Place of publication, distribution, etc Chennai
Name of publisher, distributor, etc Orient Longman
Date of publication, distribution, etc 2007
270 ## - ADDRESS
Address 160 Anna Salai
City Chennai
Postal code 600 002
Electronic mail address chegeneral@orientlongman.com
300 ## - PHYSICAL DESCRIPTION
Extent 346 p
Dimensions 22 cm (Hb)
500 ## - GENERAL NOTE
General note Includes bibliographical refrences and index
942 ## - ADDED ENTRY ELEMENTS (KOHA)
Institution code [OBSOLETE] dpl
Item type English Books
Source of classification or shelving scheme Dewey Decimal Classification
Classification part 305.42095433
Call number suffix DEV
Holdings
Withdrawn status Lost status Not for loan Collection code Home library Current library Source of acquisition Cost, normal purchase price Full call number Barcode Copy number Cost, replacement price Koha item type
    Not For Loan Non-fiction D.B.Act.Division D.B.Act.Division DBAD/PUB 650.00 305.42095433 DEV EN-70199 1 650.00 English Books

© Delhi Public Library
Hit Counter
free hit counter